| Tag |
First Indicator |
Second Indicator |
Subfields |
| LEADER |
00000cgm a2200000Mi 4500 |
| 001 |
in00005583349 |
| 006 |
m o c |
| 007 |
cr |n||||||||a |
| 007 |
vz |za|z| |
| 008 |
180419s2015 nju001 e o vueng d |
| 005 |
20241201232828.7 |
| 035 |
|
|
|a (OCoLC)on1035417410
|
| 040 |
|
|
|a ALSTP
|b eng
|e rda
|c ALSTP
|d OCLCO
|d OCLCF
|d WYU
|d S9I
|d CAUOI
|d OCLCO
|d DXU
|
| 019 |
|
|
|a 1373489814
|a 1444009937
|
| 020 |
|
|
|z 9781118497159
|
| 035 |
|
|
|a (OCoLC)1035417410
|z (OCoLC)1373489814
|z (OCoLC)1444009937
|
| 049 |
|
|
|a TXAM
|
| 245 |
0 |
0 |
|a Office 2013 for dummies user basics course.
|p Storing and using files from SkyDrive /
|c [produced by John Wiley & Sons].
|
| 264 |
|
1 |
|a Hoboken, NJ :
|b John Wiley & Sons,
|c 2015.
|
| 300 |
|
|
|a 1 online resource (1 minute)
|
| 306 |
|
|
|a 000119
|
| 336 |
|
|
|a two-dimensional moving image
|b tdi
|2 rdacontent
|
| 337 |
|
|
|a computer
|b c
|2 rdamedia
|
| 337 |
|
|
|a video
|b v
|2 rdamedia
|
| 338 |
|
|
|a online resource
|b cr
|2 rdacarrier
|
| 347 |
|
|
|a video file
|2 rda
|
| 380 |
|
|
|a Videorecording
|
| 490 |
0 |
|
|a Academic Video Online
|
| 500 |
|
|
|a Title from resource description page (viewed April 19, 2018).
|
| 520 |
|
|
|a You can use Microsoft SkyDrive (OneDrive) system to store files online. In this video, find out how to store and retrieve files from any device that gives you an Internet connection.
|
| 546 |
|
|
|a In English.
|
| 630 |
0 |
0 |
|a Microsoft Office.
|
| 630 |
0 |
7 |
|a Microsoft Office.
|2 fast
|0 (OCoLC)fst01381546
|
| 650 |
|
0 |
|a Cloud computing.
|
| 650 |
|
0 |
|a File organization (Computer science)
|
| 650 |
|
0 |
|a Business
|x Computer programs.
|
| 650 |
|
6 |
|a Infonuagique.
|
| 650 |
|
6 |
|a Fichiers (Informatique)
|x Organisation.
|
| 650 |
|
7 |
|a Business
|x Computer programs.
|2 fast
|0 (OCoLC)fst00842283
|
| 650 |
|
7 |
|a Cloud computing.
|2 fast
|0 (OCoLC)fst01745899
|
| 650 |
|
7 |
|a File organization (Computer science)
|2 fast
|0 (OCoLC)fst00924147
|
| 655 |
|
7 |
|a Instructional films.
|2 fast
|0 (OCoLC)fst01726236
|
| 655 |
|
7 |
|a Instructional films.
|2 lcgft
|
| 655 |
|
7 |
|a Films de formation.
|2 rvmgf
|
| 710 |
2 |
|
|a John Wiley & Sons,
|e production company.
|
| 776 |
0 |
8 |
|i Original version:
|z 9781118497159
|
| 856 |
4 |
0 |
|u http://proxy.library.tamu.edu/login?url=https://www.aspresolver.com/aspresolver.asp?MARC;3911092
|z Connect to this streaming video (Alexander Street Press)
|t 0
|
| 955 |
|
|
|a Alexander Street Press subscription streaming video
|
| 994 |
|
|
|a 92
|b TXA
|
| 999 |
f |
f |
|s 981b47de-9a2c-42c4-8cbb-0083ca38a203
|i 3d30771c-c61b-4cb0-94d5-f1a435bf75ff
|t 0
|
| 952 |
f |
f |
|a Texas A&M University
|b College Station
|c Electronic Resources
|d Available Online
|t 0
|h Library of Congress classification
|
| 998 |
f |
f |
|t 0
|l Available Online
|